000 00703cab a22002175a 4500
001 L145044
008 080903s2008 xxk 000 0 eng d
035 _a(Sirsi) u145044
041 0 _aeng
100 1 _aMirfin, Dean
245 0 0 _aEquity release on the up
490 _aProperty Forecast
_v11(8) August 2008, 12-13(2)
520 _aIn 2008 the equity release market, after a slow start, has fared much better than the mainstream lending market.
590 _aKA
650 2 4 _aRESIDENTIAL
650 2 4 _aEQUITY RELEASE
651 4 _aUnited Kingdom
_y
690 _aPROPERTY-PROPERTY FINANCE AND INVESTMENT
690 _aPROPERTY-RESIDENTIAL PROPERTY-RESIDENTIAL PROPERTY MARKET
942 _n0
999 _c80688
_d80688